01310nac a22003617a 4500001001000000003000900010005001700019008003400036040005400070072000800124090001900132100002400151100002800175100002000203100001400223100001700237110008200254245009200336260003800428300000900466490012500475650001000600650002100610650002900631650001300660650001700673650001500690650001400705909004700719942001700766999001900783952014600802BR9300859BR-BrBNA20240105121416.0230509b bl.|||m| |||| 00| 0 por d aBR-BrBNAbporcBiblioteca Nacional de Agricultura aF04 a0140 BR93008591 aPrimavesi, A.C.P.A.1 aPrimavesi, O.M.A.S.P.R.1 aBatista, L.A.R.1 aGodoy, R.1 aNovaes, N.J.1 aUnidade de Execucao de Pesquisa de Ambito Estadual de Sao Carlos, SP (Brasil)1 aEstudos sobre manejo da cultura de aveia (Avena sativa L.), na regiao de Sao Carlos, SP3 aSao Carlos, SP (Brasil): c1992.  a4 p. aPesquisa em Andamento - Unidade de Execucao de Pesquisa de Ambito Estadual de Sao Carlos (Brazil)vno. 2xISSN 0104-0693 aAveia aAveia Forrageira aFertilizante Nitrogenado aAdubacao aMateria Seca aRendimento aSao Paulo a202312bLúcia Elandec55dLúcia Elande 2AGRISn0cMS c285130d285130 002AGRIS40708Acervo Gerala41918b41918cAGROBASEl0o0140 BR9300859p0140 BR9300859r2023-12-18yMSePortaria Interministerial nº 164/94